000 01158nab a22002537a 4500
999 _c6050
_d6050
003 OSt
005 20260120231422.0
008 190514b xxu||||| |||| 00| 0 spa d
040 _cPJ
100 _96654
_aAiroldi, Federico
245 1 0 _aCumplimiento del plazo del art. 657 Cód. Civ. y Com. Inconstitucionalidad. Instituto de la tutela /
_cFederico Airoldi, Nicole Muni.
300 _ap. 19-24
500 _aCita: TR LALEY AR/DOC/246/2024.
505 _aSumario: I. El fallo.— II. El caso.— III. Marco normativo.— IV. Interés superior del niño.— V. Inconstitucionalidad como ultima ratio.— VI. Palabras de cierre.
505 _tFallo comentado: SC Buenos Aires ~ 04/10/2023 ~ Salim, Jorge s/ guarda a parientes.
650 0 _9967
_aDERECHO DE FAMILIA
650 0 _94097
_aINTERES SUPERIOR DEL NIÑO
650 0 _91336
_aTUTELA
650 0 _94597
_aCONSTITUCIONALIDAD
650 0 _91057
_aJURISPRUDENCIA APLICABLE
700 _96655
_a Muni, Nicole
773 0 _02844
_93222
_dBuenos Aires : AbeledoPerrot, 1989-
_tDerecho de familia. Revista Interdisciplinaria de doctrina y jurisprudencia. Abril 2024-II.
_z18511201
942 _2udc
_cANA